ਪਿੰਡ ਦੀ ਮੋਤ / (Record no. 48897)

MARC details
000 -LEADER
fixed length control field 02268nam a22003377a 4500
005 - DATE AND TIME OF LATEST TRANSACTION
control field 20090825120337.0
008 - FIXED-LENGTH DATA ELEMENTS--GENERAL INFORMATION
fixed length control field 090728t xxu||||| |||| 00| 0 pun d
010 ## - LCCN (DPL NO)
LC control number PUN-6518 B-425795-799
020 ## - INTERNATIONAL STANDARD BOOK NUMBER
Terms of availability 250.00
International Standard Book Number 9789350171615
035 ## - SYSTEM CONTROL NUMBER
System control number PN-5636 B-425795-799
037 ## - SOURCE OF ACQUISITION
Source of stock number/acquisition DBAD / PUB
037 ## - SOURCE OF ACQUISITION
Source of stock number/acquisition k.k.publications(vendor)
040 ## - CATALOGING SOURCE
Original cataloging agency dpl
Language of cataloging pn
082 ## - DEWEY DECIMAL CLASSIFICATION NUMBER
Classification number
100 ## - MAIN ENTRY--PERSONAL NAME
9 (RLIN) 24414
Personal name ਨਰਿੰਦਰਪਾਲ ਸਿੰਘ ਕੋਮਲ
245 ## - TITLE STATEMENT
Title ਪਿੰਡ ਦੀ ਮੋਤ /
Statement of responsibility, etc ਨਰਿੰਦਰਪਾਲ ਸਿੰਘ ਕੋਮਲ
246 ## - VARYING FORM OF TITLE
Title proper/short title Pind de maut
Remainder of title by Narinderpal Singh komal
260 ## - PUBLICATION, DISTRIBUTION, ETC. (IMPRINT)
Place of publication, distribution, etc ਚੰਡੀਗਡ਼
Name of publisher, distributor, etc ਲੋਕਗੀਤ ਪ੍ਰਕਾਸ਼ਨ
Date of publication, distribution, etc 2010
270 ## - ADDRESS
Address s.c.o-26-27, Sector-34-A,
City ਚੰਡੀਗਡ਼
Postal code 160022
Telephone number 01624-682954, 09781534406
300 4# - PHYSICAL DESCRIPTION
Extent 216 ਸਫੇ
Dimensions 22 ਸੇਮੀ (ਸਜਿਲੱਦ)
650 ## - SUBJECT ADDED ENTRY--TOPICAL TERM
9 (RLIN) 24412
Topical term or geographic name as entry element ਓਪਨਿਯਾਸ
650 ## - SUBJECT ADDED ENTRY--TOPICAL TERM
Topical term or geographic name as entry element Novel
9 (RLIN) 24431
942 ## - ADDED ENTRY ELEMENTS (KOHA)
Source of classification or shelving scheme Dewey Decimal Classification
Item type Punjabi Bks
Classification part
Call number suffix ਨਰਿੰਦ
Holdings
Withdrawn status Lost status Source of classification or shelving scheme Damaged status Not for loan Collection code Home library Current library Date acquired Source of acquisition Cost, normal purchase price Total Checkouts Full call number Barcode Date last seen Copy number Cost, replacement price Koha item type
    Dewey Decimal Classification     Fiction Central Library Central Library 20/04/2011 k.k.publications/121/11.3.11/77/4.3.11/28.3.11 250.00   ਓ ਨਰਿੰਦ B-425795 20/04/2011 1 250.00 Punjabi Bks
    Dewey Decimal Classification     Fiction D.B.Act.Division D.B.Act.Division 01/12/2010 DBAD/PUB 250.00   ਓ ਨਰਿੰਦ PN-5636 01/12/2010 1 250.00 Punjabi Bks
    Dewey Decimal Classification     Fiction Karol Bagh Karol Bagh 20/04/2011 k.k.publications/121/11.3.11/77/4.3.11/28.3.11 250.00   ਓ ਨਰਿੰਦ B-425798 20/04/2011 1 250.00 Punjabi Bks
    Dewey Decimal Classification     Fiction Patel Nagar Patel Nagar 20/04/2011 k.k.publications/121/11.3.11/77/4.3.11/28.3.11 250.00   ਓ ਨਰਿੰਦ B-425796 20/04/2011 1 250.00 Punjabi Bks
    Dewey Decimal Classification     Fiction Sarojini Nagar Sarojini Nagar 20/04/2011 k.k.publications/121/11.3.11/77/4.3.11/28.3.11 250.00   ਓ ਨਰਿੰਦ B-425797 20/04/2011 1 250.00 Punjabi Bks
    Dewey Decimal Classification     Fiction Shahdara Branch Shahdara Branch 20/04/2011 k.k.publications/121/11.3.11/77/4.3.11/28.3.11 250.00   ਓ ਨਰਿੰਦ B-425799 20/04/2011 1 250.00 Punjabi Bks

© Delhi Public Library
Hit Counter
free hit counter